Geografia Europy na literę F - Statystyki

Ogólne statystyki
  • Ten quiz został rozwiązany 171 razy
  • Średni wynik to 8 z 19
Statystyki odpowiedzi
Wskazówka Odpowiedź % Poprawnych
Państwo, do którego należy Korsyka Francja
97%
Oficjalna nazwa Rosji {Federacja} Rosyjska
96%
Miasto narodzin renesansu, stolica Włoch w latach 1865–1871 Florencja
94%
Finansowa stolica Niemiec Frankfurt nad Menem
94%
Kraj znany w swoim języku jako Suomi Finlandia
93%
Rodzaj głębokiej zatoki, charakterystyczna rzecz Norwegii Fiord
81%
Największe miasto w Polsce na literę F, znajduje się tam port morski oraz morskie przejście graniczne Frombork
67%
Niderlandzkojęzyczny region Belgii Region {Flamandzki}
62%
Włoska nazwa dla powyższego Firenze
32%
Stolica portugalskiego regionu Algarve Faro
30%
Stolica Madery Funchal
27%
Miejscowość, w której znajduje się największy port lotniczy Włoch Fiumicino
21%
Miasto w południowo-zachodnich Niemczech, które zamieszkuje ok. 240 tys. ludzi Fryburg
19%
Region wzdłuż wybrzeża Morza Północnego w Niemczech i Holandii Fryzja
14%
Zatoka, nad którą leży Edynburg {Firth} of Forth
5%
Najwyższe pasmo Karpat Południowych oraz całej Rumunii Góry {Fogaraskie}
4%
Rzeka w środkowych Niemczech, dopływ Wezery Fulda
2%
Trzecie największe jezioro Norwegii Jezioro {Femunden}
2%
Najwyższy szczyt Alp Berneńskich i trzeci co do wysokości w całych Alpach Finsteraarhorn
1%
Nie znaleziono quizów pasujących do podanych kryteriów
Rozkład punktacji
Procent ludzi z każdym wynikiem
Percentyl według liczby udzielonych odpowiedzi
Twoja historia wyników
Nie rozwiązałeś tego quizu